Principles of technical management. / (Record no. 2236)
[ view plain ]
| 000 -LEADER | |
|---|---|
| fixed length control field | 01337pam a2200229 i 4500 |
| 001 - CONTROL NUMBER | |
| control field | 1810374 |
| 005 - DATE AND TIME OF LATEST TRANSACTION | |
| control field | 20210414114133.0 |
| 008 - FIXED-LENGTH DATA ELEMENTS--GENERAL INFORMATION | |
| fixed length control field | 791127s1980 nyua 001 0 eng |
| 010 ## - LIBRARY OF CONGRESS CONTROL NUMBER | |
| LC control number | 79054829 |
| 020 ## - INTERNATIONAL STANDARD BOOK NUMBER | |
| International Standard Book Number | 0814455808 : |
| Terms of availability | $19.95 |
| 040 ## - CATALOGING SOURCE | |
| Original cataloging agency | DLC |
| Transcribing agency | DLC |
| Modifying agency | DLC |
| 050 00 - LIBRARY OF CONGRESS CALL NUMBER | |
| Classification number | TA190.C64 |
| 100 1# - MAIN ENTRY--PERSONAL NAME | |
| Personal name | Cohen, William A., |
| Dates associated with a name | 1937- |
| 245 10 - TITLE STATEMENT | |
| Title | Principles of technical management. / |
| Statement of responsibility, etc. | William A. Cohen. |
| 260 ## - PUBLICATION, DISTRIBUTION, ETC. | |
| Place of publication, distribution, etc. | New York : |
| Name of publisher, distributor, etc. | AMACOM, |
| Date of publication, distribution, etc. | 1980. |
| 300 ## - PHYSICAL DESCRIPTION | |
| Extent | viii, 222 p. : |
| Other physical details | ill. ; |
| Dimensions | 24 cm. |
| 500 ## - GENERAL NOTE | |
| General note | Includes index. |
| 505 ## - FORMATTED CONTENTS NOTE | |
| Formatted contents note | Contents: The Scope, responsibilities and functions of technical management -- Organizing for efficiency and effectiveness -- How to staff and recruit for your technical organization -- How to train your technical staff -- How to compensate the technical organization -- How to train your technical staff -- How to compensate the technical professional -- How to be a successful leader of your technical organization -- How to appraise the performance of personnel accurately and successfully -- How to budget and control costs -- The Secrets of winning any technical management problem -- How to cmmunicate effectively -- How to choose among alternatives for new product development. |
| 650 #0 - SUBJECT ADDED ENTRY--TOPICAL TERM | |
| Topical term or geographic name entry element | Engineering |
| General subdivision | Management. |
| 906 ## - LOCAL DATA ELEMENT F, LDF (RLIN) | |
| a | 7 |
| b | cbc |
| c | orignew |
| d | 1 |
| e | ocip |
| f | 19 |
| g | y-gencatlg |
| 942 ## - ADDED ENTRY ELEMENTS (KOHA) | |
| Source of classification or shelving scheme | Library of Congress Classification |
| Koha item type | Books |
| Withdrawn status | Lost status | Source of classification or shelving scheme | Damaged status | Not for loan | Home library | Current library | Shelving location | Date acquired | Total Checkouts | Full call number | Barcode | Date last seen | Copy number | Price effective from | Koha item type |
|---|---|---|---|---|---|---|---|---|---|---|---|---|---|---|---|
| Library of Congress Classification | WISCONSIN INTERNATIONAL UNIVERSITY COLLEGE, GHANA - MAIN LIBRARY | WISCONSIN INTERNATIONAL UNIVERSITY COLLEGE, GHANA - MAIN LIBRARY | General Stacks | 29/08/2012 | TA190.C64 | 5938/12 | 29/08/2012 | 1 | 29/08/2012 | Books |
